Human resource management /

Bibliographische Detailangaben
1. Verfasser: Ivancevich, John M.
Format: Buch
Sprache:English
Veröffentlicht: New Delhi : Tata McGraw Hill, c2008.
Ausgabe:Tenth edition.
Schlagworte:
Classic Catalogue: View this record in Classic Catalogue
LEADER 01282nam a2200277 a 4500
001 0021466
003 BD-DhAAL
008 101107s2008 mauab b 001 0 eng d
020 |a 9780070667044 
020 |a 0070667047 
040 |a BD-DhAAL  |c BD-DhAAL 
082 0 0 |a 658.3  |2 22 
100 1 |a Ivancevich, John M. 
245 1 0 |a Human resource management /  |c John M. Ivancevich. 
250 |a Tenth edition. 
260 |a New Delhi :  |b Tata McGraw Hill,  |c c2008. 
300 |a xvii, 662 p. :  |b ill., map ;  |c 24 cm 
504 |a Includes bibliographical references and index. 
526 |a BBS  |x Farhana Nur Malik Lecturer (Former) BRAC Business School BRAC University Course Name : Human Resource Management (MGT 301) 
541 1 |e 00021466 
650 0 |a Personnel management. 
650 0 |a Personnel management  |x Case studies.  |9 1211 
852 4 |a Ayesha Abed Library   |c General Stacks 
942 0 0 |0 1  |2 ddc  |c BK 
999 |c 10045  |d 10045 
952 |0 0  |1 0  |2 ddc  |4 0  |6 658_300000000000000_IVA  |7 0  |9 13185  |a BRACUL  |b BRACUL  |c GEN  |d 2010-11-07  |e Friends' Book Corner  |g 616.00  |l 4  |m 22  |o 658.3 IVA  |p 3010021466  |r 2015-12-12  |s 2015-10-12  |t 1  |v 1232.00  |w 2010-11-07  |y BK  |x Requisitioned by Farhana Nur Malik (Lecturer (Former), BRAC Business School, BRAC University) for the course named - ' Human Resource Management (MGT 301)'